Normal view
MARC view
- Criminal investigation.
Entry Topical Term
001 - CONTROL NUMBER
- control field: 19551
003 - CONTROL NUMBER IDENTIFIER
- control field: OSt
005 - DATE AND TIME OF LATEST TRANSACTION
- control field: 20110601152810.0
008 - FIXED-LENGTH DATA ELEMENTS
- fixed length control field: 110601|||a|||||| | ||| d
040 ## - CATALOGING SOURCE
- Original cataloging agency: OSt
- Transcribing agency: OSt
150 ## - HEADING--TOPICAL TERM
- Topical term or geographic name as entry element: Criminal investigation.
670 ## - SOURCE DATA FOUND
- Source citation: Work cat.: (OSt)0: Dixon, Franklin W. 19549, The Hardy boys detective handbook,, [1972]
670 ## - SOURCE DATA FOUND
- Source citation: Work cat.: (OSt)0: Dixon, Franklin W. 19549, The Hardy boys detective handbook,, [1972]